000 01061cam a22003017a 4500
003 CHAP
005 20220329133402.0
008 971013s1991 enka r 00010 eng d
010 _a5765
011 _a6737
035 _a5960
040 _cCHAP
082 0 4 _a632.96
_bW4
100 0 0 _aWeiser, Jaroslav.
_9121388
245 1 0 _aBiological control of vectors
_b: manual for collecting, field determination and handling of biofactors for control of vectors
260 _aChichester :
_bWiley,
_c1991
300 _a189 p.
_b: ilus.
590 _aBATCH-UPD
_b10
_c20130110
_lUCH01
_h1542
590 _aBATCH-UPD
_b10
_c20130410
_lUCH01
_h0943
590 _aBATCH-UPD
_b10
_c20130914
_lUCH01
_h1045
590 _aCONVERSION
_b10
_c20130109
_lUCH01
_h1304
650 1 4 _aControl biológico de insectos.
_927582
650 1 4 _aInsectos como vectores.
_958956
901 _aBK
942 _cLIBRO
949 _a632.96 W4
_bBC
_cLIBRO
_d33724000188546
_eLIBRO
_gI.164014
_h82268
_i5960
_si
_t220.00
949 _a632.96 W4
_bBC
_cLIBRO
_d33724000188553
_eLIBRO
_fc.2
_h82556
_i5960
_si
_t220.00
999 _c5765
_d5765